1709 1461 1739 1504 1286 1696 1302 1435 1865 1766 1346 1454 1550 1940 1728 1638 1934 1485 1266 1425 1072 1512 1247 1871 1880 1340 1478 1543 1731 1882 1394 1896 1619 2000 1369 1438 1545 1817 1897 1905 1323 1001 1038 1830 1027 1228 1231 1749 1504 1737 1173 1315 1124 1511 1819 1798 1660 1945 1343 1467 1485 1792 1819 1568 1289 1195 1479 1181 1643 1625 1108 1604 1220 1466 1322 1934 1628 1524 1266 1769 1396 1019 1475 1478 1894 1579 1525 1770 1732 1309 1169 1861 1969 1244 1477 1791 1977 1748 1010 BCNSPRNW ULIB Ver.6.0+V

เปลี่ยนเป็นภาษาไทย

Change to English
 แสดงรายละเอียดบรรณานุกรม
  กลับหน้าหลัก

Brief Record : Get Marc (ISO 2709) : E-mail record : QR code < ปิดหน้าต่าง
LEADER : 00000nam 2200000uu 4500
001    13399110020
003     ULIB
008    110420s2552||||th 000 0 tha d
020    9879741698554
060 04 WG103^bท647ก 2552
100 0  เทวารักษ์ วีระวัฒกานนท์
245 00 การติดตามเฝ้าระวังระบบหายใจและระบบไหลเวียนเลือด/^cเทวารักษ์ วีระวัฒกานนท์
250    พิมพ์ครั้งที่ 2
260    กรุงเทพฯ :^bคณะแพทยศาสตร์ จุฬาลงกรณ์มหาวิทยาลัย,^c2552
300    229 หน้า :^bภาพประกอบ ;^c27 ซม.
650  7 เลือด, การไหลเวียน
650  7 หัวใจร่วมหลอดเลือด, ระบบ
710 2  จุฬาลงกรณ์มหาวิทยาลัย. ^bคณะแพทยศาสตร์
945    ^p150^l0^i026211
945    ^p150^l0^i026210
945    ^p150^l0^i026209
995    ทศพร
999 ^a ใช้งานได้ทุกระบบ
รายการนี้ยังไม่มีแท็ก
คุณยังไม่ได้ล็อกอิน คุณสามารถมีกิจกรรมร่วมกับเว็บไซต์ได้ แต่ต้องล็อกอินก่อน ::
  ล็อกอิน

รายการสื่อสารสนเทศ

ลำดับที่ ประเภท เลขเรียก/บาร์โค้ด สถานที่ สถานะ
- ไม่พบข้อมูล -

รายการใกล้เคียง
    ผู้แต่ง [เทวารักษ์ วีระวัฒกานนท์]

    หัวเรื่อง [เลือด, การไหลเวียน]
    หัวเรื่อง [หัวใจร่วมหลอดเลือด, ระบบ]

BibComment


ยังไม่เคยถูกคอมเมนท์

คอมเมนท์ทรัพยากรรายการนี้
  คอมเมนท์: การติดตามเฝ้าระวั..


 Copyright 2026. Bcnsprnw @Library